Inquiry-based science education

Saved in:
Bibliographic Details
Main Author Gillies, Robyn M., 1949- (Author)
Format Electronic eBook
LanguageEnglish
Published Boca Raton : CRC Press, Taylor & Francis Group, 2020.
EditionFirst edition.
SeriesGlobal science education
Subjects
Online AccessFull text
ISBN9780429299179
9781000036312
9781000036213
9781000036268
9780367279233
Physical Description1 online zdroj : ilustrace.

Cover

LEADER 00000cam a2200000 i 4500
001 114892
003 CZ-ZlUTB
005 20260626095231.0
006 m o d
007 cr cnu|||unuuu
008 200130s2020 flua fo 001 0 eng d
020 |a 9780429299179  |q (electronic bk.) 
020 |a 9781000036312  |q (electronic bk. : EPUB) 
020 |a 9781000036213  |q (electronic bk. : PDF) 
020 |a 9781000036268  |q (electronic bk. : Mobipocket) 
020 |z 9780367279233 
035 |a (OCoLC)1138019493 
035 |a (OCoLC-P)1138019493 
040 |a OCoLC-P  |b eng  |c OCoLC-P  |e rda 
072 7 |a 37.09  |x Organizace výuky a vzdělávání  |2 Konspekt  |9 22 
080 |a 37.0:5  |2 MRF 
080 |a 167  |2 MRF 
080 |a (0.034.2:08)  |2 MRF 
080 |a (048.8)  |2 MRF 
100 1 |a Gillies, Robyn M.,  |d 1949-  |e author. 
245 1 0 |a Inquiry-based science education /  |c Robyn M. Gillies. 
250 |a First edition. 
264 1 |a Boca Raton :  |b CRC Press, Taylor & Francis Group,  |c 2020. 
300 |a 1 online zdroj :  |b ilustrace. 
336 |a text  |b txt  |2 rdacontent 
337 |a počítač  |b c  |2 rdamedia 
338 |a online zdroj  |b cr  |2 rdacarrier 
490 1 |a Global science education 
506 |a Plný text je dostupný pouze z IP adres počítačů Univerzity Tomáše Bati ve Zlíně nebo vzdáleným přístupem pro zaměstnance a studenty 
650 0 7 |a přírodovědné vzdělávání  |7 ph344088  |2 czenas 
650 0 7 |a vědecké myšlení  |7 ph127371  |2 czenas 
650 0 9 |a science education  |2 eczenas 
650 0 9 |a scientific thought  |2 eczenas 
655 7 |a elektronické knihy  |7 fd186907  |2 czenas 
655 7 |a monografie  |7 fd132842  |2 czenas 
655 9 |a electronic books  |2 eczenas 
655 9 |a monographs  |2 eczenas 
856 4 0 |u https://proxy.k.utb.cz/login?url=https://www.taylorfrancis.com/books/9780429299179 
942 |2 udc 
992 |c EBOOK-TN  |c TAYLOR 
993 |x NEPOSILAT  |y EIZ 
999 |c 114892  |d 114892